000 00738nam a2200253Ia 4500
005 20250425162425.0
008 250425s9999 xx 000 0 und d
020 _a9789978868119
041 _aspa
043 _aec
082 _a341.02636
100 _aEDITORIAL, JURIDICA DEL ECUADOR
245 0 _aCONSTITUCION DE LA REPUBLICA DEL ECUADOR
250 _a1A ED.
260 _aEcuador
_bCORPORACION DE ESTUDIOS Y PUBLICACIONES
_c2010
260 _aQUITO
_bCORPORACION DE ESTUDIOS Y PUBLICACIONES
300 _a100
500 _aACTUALIZADA AL 4 DE ENERO DEL 2010
650 _aCONSTITUCION POLITICA-ECUADOR
650 _aLEGISLACION
710 _aCORPORACION DE ESTUDIOS Y PUBLICACIONES
942 _c01
010 _a72640
999 _c228921
_d228921